000
00310nam a2200121Ia 4500
008
230524s9999 xx 000 0 und d
100
_a
William Stallings
245
0
_a
Cryptography and Network Security
260
_a
NEW DELHI
_b
Pearson
500
_a
Quantity Number: 46
650
_a
Electrical
942
_c
BK
999
_c
35910
_d
35910